| 000 | 00525nam a22002177a 4500 | ||
|---|---|---|---|
| 003 | OSt | ||
| 005 | 20140326102141.0 | ||
| 008 | 140326b xxu||||| |||| 00| 0 eng d | ||
| 020 | _a9780545207249 | ||
| 050 |
_aQL 544.2 _b.B622 2010 |
||
| 100 | _aBishop, Nic | ||
| 245 |
_aButterflies and moths / _cNic Bishop. |
||
| 260 |
_aU.S.A : _bScholastic, _c2010. |
||
| 300 |
_a48 p. : _bcol. ill. ; _c28 cm. |
||
| 521 | _aG8 | ||
| 526 | _c910 | ||
| 650 | _aButterflies | ||
| 650 | _aMoth | ||
| 942 |
_2lcc _cBK |
||
| 999 |
_c48765 _d48765 |
||